000 00555nam a2200193 a 4500
001 2283
005 20140414131921.0
008 020530s19uu xx 00 eng d
020 _a0-14-054568-9
050 _aER
_bT14 1988
100 _aPreussler, Otfried
245 _aTale of the Unicorn (The) /
_cby Otfried Preussler ; pictures by Gennady Spirin.
260 _aNew York :
_bDial Books,
_c1988.
300 _ap. : ill. ; cm.
440 _aPicture Pufin
650 _aUnicorn
_xFiction.
650 _aChildren stories
_xFiction.
999 _c111776
_d111776